000
00357nam a2200157Ia 4500
003
IT-RoPAU
008
120407s9999 xx 000 0 und d
040
_a
IT-RoPAU
040
_c
IT-RoPAU
100
_a
Etienne Gilson
245
_a
Filosofia e incarnazione in sant'Agostino
260
_a
Leonardo da Vinci
300
_c
cm
490
_v
1
942
_c
BK
999
_c
7534
_d
7534